Представление документа в формате MARC21

Поле Инд. ПП Название Значение
Тип записи a
Библиографический уровень m
001 Контрольный номер 2fae493611f3486e89777f09bb78ed7d
005 Дата корректировки 20220413105255.6
020 a ISBN 978-5-604805-1-5 (Т. 4)
040 a Служба первич. каталог. 10013504
041 0_ a Код языка текста rus
090 a Полочн. индекс 94(Р)
x Авторский знак Р 939
245 10 a Заглавие Т. 4
260 c Дата издания 2019
300 a Объем 727 с., 8 л. ил.
520 0_ a Аннотация Представляем читателю четвертый том избранных публикаций известного государственного, политического и общественного деятеля страны, Председателя Совета Министров СССР в 1985-1990 годах Николая Ивановича Рыжкова, изданных в десяти томах к 90-летнему юбилею автора. Предлагаемая книга повествует о событиях 1989-1991 годов, которые привели к развалу могучей державы, об их последствиях для всех бывших союзных республик и влиянии на ситуацию в мире. Автор, находившийся в гуще событий того тяжелейшего периода в жизни страны, стремится глубже осмыслить причины обрушившихся на нее невзгод. По его мнению, основными причинами развала СССР явились внутренние: экономические, социальные, партийно-государственные и многие другие. В этой книге он подробно рассказывает об одной из таких причин - о вспышке и стремительном развитии во второй половине перестроечных лет национализма, который стал мощным детонатором разрушительных процессов внутри Советского Союза. Николай Иванович, как никто другой, имеет право на эту книгу воспоминаний. Ему не в чем упрекнуть себя за случившееся. Ценой его противостояния с М. Горбачевым, предавшего КПСС, стал срыв сердца, которое не выдержало огромных нагрузок. Памятное обращение Николая Ивановича к Верховному Совету: «Вы еще вспомните наше правительство!» сегодня, спустя более четверти века разрушительных либеральных реформ звучит как подлинное пророчество. В книге честно и пронзительно повествуется о трагедии великой страны. Впервые книга была издана в 2007 году Издательским домом «ВЕЧЕ».
773 18 g Прочая информация Т. 4
a Заголовок основной записи Рыжков Н.И.
w Контрольный № источника 7f35e079e8ed49b5a3ab16cd90a5f9b2
t Название источника На полях исторической памяти : время, события, люди
d Место и дата издания Москва : Экономическая газета: Академия менеджмента и бизнес-администрирования, 2019
900 a Имя макрообъекта обложка.На полях исторической памяти.2019-4
901 t Тип документа n
952 a Тип литературы для КСУ ВШ КНпР